• 首页
  • 本馆介绍
  • 公告通知
  • 最新文献
  • 馆藏检索
  • 电子资源
  • 读者导购
  • 参考咨询
  • 我的图书馆
  • 登录
  • 详细信息显示
  • 放入我的书架
  • 预约/预借图书
  • 作者相关作品
  • 分类相关作品
  • 丛书相关作品
  • 出版社相关作品

书目信息

  • 表格格式
  • 工作单格式
  • 卡片格式
题名:
档案数字化前处理工作概论
    
 
作者: 庞海涛 , 马振犊 主编
分册:  
出版信息: 北京   中国文史出版社  2018
页数: 199页
开本: 24cm
丛书名:
单 册:
中图分类: G270
科图分类:
主题词: 数字技术--shu zi ji shu--应用--档案工作--概论
电子资源:
ISBN: 978-7-5034-9906-7
000 01113nam0 2200265 45
001 012001002980
005 20131101094254.0
010    @a978-7-5034-9906-7@dCNY35.00
099    @aCAL 012018083423
100    @a20180703d2017 em y0chiy50 ea
101 0  @achi
102    @aCN@b110000
105    @aak a 000yy
106    @ar
200 1  @a档案数字化前处理工作概论@Adang an shu zi hua qian chu li gong zuo gai lun@f庞海涛, 马振犊主编
210    @a北京@c中国文史出版社@d2018
215    @a199页@c图@d24cm
320    @a有书目 (第198页)
330    @a档案的数字化前处理工作是档案数字转化成果质量的关键。为了规范做好档案数字化前处理工作, 本书重点对档案数字化前处理工作的内容、设备、流程和要求等进行分析梳理,包括作用和意义、档案的整理、技术修复、平台建设等。结合具体档案数字化前处理工作的案例进行阐述。目的是为同行提供档案数字化前处理工作的可操作方式方法, 供大家在工作中借鉴参考。
606 0  @a数字技术@Ashu zi ji shu@x应用@x档案工作@x概论
690    @aG270@v5
701  0 @a庞海涛@Apang hai tao@4主编
701  0 @a马振犊@Ama zhen du@4主编
801    @b江苏凤凰@c20191020
905    @b1231479-83@dG270@e102@f5
    
    档案数字化前处理工作概论/庞海涛, 马振犊主编.-北京:中国文史出版社,2018
    199页:图;24cm
    
    
    ISBN 978-7-5034-9906-7:CNY35.00
    档案的数字化前处理工作是档案数字转化成果质量的关键。为了规范做好档案数字化前处理工作, 本书重点对档案数字化前处理工作的内容、设备、流程和要求等进行分析梳理,包括作用和意义、档案的整理、技术修复、平台建设等。结合具体档案数字化前处理工作的案例进行阐述。目的是为同行提供档案数字化前处理工作的可操作方式方法, 供大家在工作中借鉴参考。
●
相关链接 在E读中查询图书 在五车中查询图书 在当当中查询图书 在豆瓣中查询图书


正题名:档案数字化前处理工作概论     索取号:G270/102         预约/预借

序号 登录号 条形码 馆藏地/架位号 状态 备注
1 1231479   212314798   第一样本阅览室/ [索取号:G270/102] 在馆    
2 1231480   212314805   教育系资料室/ [索取号:G270/102] 在馆    
3 1231481   212314814   教育系资料室/ [索取号:G270/102] 在馆    
4 1231482   212314823   第四借阅区/ [索取号:G270/102] 在馆    
5 1231483   212314832   第四借阅区/ [索取号:G270/102] 在馆    
唐山师范学院图书馆 欢迎您!
大连网信软件有限公司© 版权所有